书目信息 |
| 题名: |
幼儿园想象画教学实例
|
|
| 作者: | 江萍 著 | |
| 分册: | ||
| 出版信息: | 上海 华东师范大学出版社 2012 |
|
| 页数: | 281页 | |
| 开本: | 26cm | |
| 丛书名: | 幼儿园教师胜任力培训丛书 | |
| 单 册: | ||
| 中图分类: | J219 | |
| 科图分类: | ||
| 主题词: | 绘画技法 , 儿童画 , 儿童画--绘画技法--教师培训--教材 | |
| 电子资源: | ||
| ISBN: | 978-7-5617-8775-5 | |
| 000 | 01119oam2 2200301 45 | |
| 001 | 1359671359 | |
| 005 | 20130529092248.25 | |
| 010 | @a978-7-5617-8775-5@dCNY60.00 | |
| 100 | @a20130513d2012 em y0chiy50 ea | |
| 101 | 0 | @achi |
| 102 | @aCN@b310000 | |
| 105 | @aa z 000yy | |
| 106 | @ar | |
| 200 | 1 | @a幼儿园想象画教学实例@AYou Er Yuan Xiang Xiang Hua Jiao Xue Shi Li@e叩开想象之门@EKou Kai Xiang Xiang Zhi Men@f江萍著@FJiang Ping Zhu |
| 210 | @a上海@c华东师范大学出版社@d2012 | |
| 215 | @a281页@c图@d26cm | |
| 225 | 2 | @a幼儿园教师胜任力培训丛书 |
| 300 | @a至上教育 | |
| 330 | @a本书是幼儿园教师培训教材,它有教案,可它不同于教案集,这些教案特别鲜活,它及时捕获生活中孩子的想象,让孩子用美术形式想象、创造、表达、表现,用符合孩子生活和年龄特点的生成课程,使教育更贴近孩子。 | |
| 461 | 0 | @12001 @a幼儿园教师胜任力培训丛书 |
| 517 | 1 | @a叩开想象之门@AKou Kai Xiang Xiang Zhi Men |
| 606 | 0 | @a绘画技法 |
| 606 | 0 | @a儿童画 |
| 606 | 0 | @a儿童画@x绘画技法@x教师培训@j教材 |
| 690 | @aJ219@v5 | |
| 701 | 0 | @a江萍@AJiang Ping@4著 |
| 801 | @aCN@bTANGWEI@c20130522 | |
| 905 | @b0832920-25@dJ219@e604@f6 | |
| 幼儿园想象画教学实例:叩开想象之门/江萍著.-上海:华东师范大学出版社,2012 |
| 281页:图;26cm.-(幼儿园教师胜任力培训丛书) |
| 至上教育 |
| ISBN 978-7-5617-8775-5:CNY60.00 |
| 本书是幼儿园教师培训教材,它有教案,可它不同于教案集,这些教案特别鲜活,它及时捕获生活中孩子的想象,让孩子用美术形式想象、创造、表达、表现,用符合孩子生活和年龄特点的生成课程,使教育更贴近孩子。 |
| ● |
| 相关链接 |
|
|
|
|
正题名:幼儿园想象画教学实例
索取号:J219/604
 
预约/预借
| 序号 | 登录号 | 条形码 | 馆藏地/架位号 | 状态 | 备注 |
| 1 | 0832920 | 208329209 | 第一样本阅览室/ [索取号:J219/604] | 在馆 | |
| 2 | 0832921 | 208329218 | 第一借阅区/ [索取号:J219/604] | 在馆 | |
| 3 | 0832922 | 208329227 | 第一借阅区/ [索取号:J219/604] | 在馆 | |
| 4 | 0832923 | 208329236 | 密集书库-美术系/ [索取号:J219/604] | 在馆 | |
| 5 | 0832924 | 208329245 | 美术系资料室/ [索取号:J219/604] | 在馆 | |
| 6 | 0832925 | 208329254 | 第一借阅区/ [索取号:J219/604] | 在馆 |